000
00279nam a2200121Ia 4500
005
20251222144649.0
008
251222s9999||||xx |||||||||||||| ||spa||
020
_a
88-08-08841-3
082
_a
REF.453/Z35
245
0
_a
Lo Spagnolo Minore:
264
_b
Zanichelli
942
_c
LIB
999
_c
17005
_d
17005